01081nam a2200241 a 450000100060000000300090000600800410001504000280005608200190008410000450010324500960014826000600024430000070030449000200031150501310033159000930046265000280055565000420058365000310062594200120065699900170066895201540068522487CO-ViMGA141112s2004 ck r 000 u spa d aCO-ViMGAbspacCO-ViMGA04a658.4092 A734h1 aAtehortúa Rueda, Jose Silvestre93190610aHabilidades gerenciales : bel líder creativo, los equipos de trabajo y la comunicación aBogotá : bUniversidad Coperativa de colombia, c2005 a87 aLibros de texto aIdentificación del liderazgo 13 - 39 - - La comunicación 41 - 59 - - El liderazgo creativo y el trabajo en euipo 61 - 83  aForma de adquisición : Donación - - Precio : 13000 - - Fecha de adquisición : 200814aACTITUD DE MANDO93190714aCOMUNICACION EN ADMINISTRACION91909914aEXITO ADMINISTRATIVO96018 2ddccBK c30793d30793 00102ddc40708002aMEVIECARbMEVIECARd2015-12-04hVolumen. 1 | 11/jun/2009l0o658.4092 A734h p22487r2015-12-04 00:00:00tEj. 1w2015-12-04yBK